[Event "Titled Tuesday intern op 23rd May Early"]
[Site "Chess.com INT"]
[Date "2023.05.23"]
[Round "4"]
[White "Goncalves, Davi Sulzbacher"]
[Black "James, Stuart"]
[Result "1-0"]
[WhiteElo "2282"]
[BlackElo "1928"]
[PlyCount "153"]
[EventDate "2023.05.23"]
[EventType "swiss (blitz)"]
[EventRounds "11"]
[EventCountry "USA"]
[SourceTitle "CBM 214 Extra"]
[Source "ChessBase"]
[SourceDate "2023.07.31"]
[SourceVersion "1"]
[SourceVersionDate "2023.07.31"]
[SourceQuality "1"]

1. Nf3 d5 2. d4 Nf6 3. c4 e6 4. g3 Be7 5. Bg2 0-0 6. 0-0 dxc4 7. Qc2 c5 8. dxc5 Bxc5 9. Qxc4 Nbd7 10. Nc3 Qe7 11. Rd1 Nb6 12. Qb3 Bd7 13. Bg5 Bc6 14. Rac1 h6 15. Bxf6 Qxf6 16. Ne4 Bxe4 17. Rxc5 Rfd8 18. Rdc1 Bd5 19. Qc3 Na4 20. Qxf6 gxf6 21. R5c2 Bxa2 22. Ra1 Bb3 23. Rc7 b6 24. Ne1 Rac8 25. Rxa7 Rd1 26. Rxd1 Bxd1 27. Bf3 Nxb2 28. Kg2 Nc4 29. Bh5 Ne5 30. f4 Ng6 31. Rb7 Rc6 32. Kf2 Bb3 33. Nd3 Bd5 34. Nb4 Rd6 35. Nxd5 exd5 36. Ke3 f5 37. Kd4 Kg7 38. e3 Kf6 39. h3 Rc6 40. Kxd5 Rc3 41. Rxb6+ Kg7 42. Kd4 Ra3 43. Rb5 Ra4+ 44. Kd3 Ra3+ 45. Ke2 Ne7 46. Re5 Kf6 47. Rb5 Ra2+ 48. Kf3 Ra3 49. Rb6+ Kg7 50. Rb7 Kf6 51. Rb6+ Kg7 52. g4 fxg4+ 53. Bxg4 Nd5 54. Rd6 Rxe3+ 55. Kf2 Rd3 56. Be2 Rd4 57. Bf3 Rxf4 58. Rxd5 Rf6 59. Rh5 Rd6 60. Rf5 f6 61. Bh5 Ra6 62. Kg3 Ra7 63. Bg4 Rc7 64. Kh4 Re7 65. Ra5 Rc7 66. Bf5 Re7 67. Kh5 Re5 68. Ra7+ Kf8 69. Kg6 Re7 70. Ra8+ Re8 71. Ra6 Kg8 72. Rxf6 Rd8 73. Be6+ Kh8 74. Rf7 Rg8+ 75. Kxh6 Rg3 76. Rf8+ Rg8 77. Rxg8# 1-0

[Event "Titled Tuesday intern op 23rd May Early"]
[Site "Chess.com INT"]
[Date "2023.05.23"]
[Round "8"]
[White "Hartikainen, Jarmo"]
[Black "James, Stuart"]
[Result "0-1"]
[WhiteElo "2108"]
[BlackElo "1928"]
[PlyCount "46"]
[EventDate "2023.05.23"]
[EventType "swiss (blitz)"]
[EventRounds "11"]
[EventCountry "USA"]
[SourceTitle "CBM 214 Extra"]
[Source "ChessBase"]
[SourceDate "2023.07.31"]
[SourceVersion "1"]
[SourceVersionDate "2023.07.31"]
[SourceQuality "1"]

1. e4 c5 2. c3 Nf6 3. e5 Nd5 4. d4 cxd4 5. Nf3 e6 6. cxd4 b6 7. Nc3 Nxc3 8. bxc3 Qc7 9. Bd2 d6 10. Bd3 Bb7 11. exd6 Bxd6 12. h3 Nd7 13. Qe2 0-0 14. 0-0 e5 15. Rfe1 Rae8 16. dxe5 Nxe5 17. Nxe5 Rxe5 18. Qg4 Rfe8 19. Rxe5 Bxe5 20. Re1 Bh2+ 21. Kh1 Rxe1+ 22. Bxe1 Be5 23. c4 h6 0-1

[Event "Titled Tuesday intern op 23rd May Early"]
[Site "Chess.com INT"]
[Date "2023.05.23"]
[Round "9"]
[White "James, Stuart"]
[Black "Yarullina, Alina"]
[Result "0-1"]
[WhiteElo "1928"]
[BlackElo "2084"]
[PlyCount "38"]
[EventDate "2023.05.23"]
[EventType "swiss (blitz)"]
[EventRounds "11"]
[EventCountry "USA"]
[SourceTitle "CBM 214 Extra"]
[Source "ChessBase"]
[SourceDate "2023.07.31"]
[SourceVersion "1"]
[SourceVersionDate "2023.07.31"]
[SourceQuality "1"]

1. e4 c5 2. Nf3 Nc6 3. Bb5 g6 4. 0-0 Bg7 5. c3 e5 6. d4 cxd4 7. cxd4 Nxd4 8. Nxd4 exd4 9. e5 Ne7 10. Bg5 Bxe5 11. Re1 f6 12. f4 fxg5 13. Rxe5 0-0 14. Qxd4 Rxf4 15. Qd6 Nf5 16. Bc4+ Kg7 17. Qd5 Qb6+ 18. Qc5 Qxb2 19. Nc3 Qxa1+ 0-1

[Event "Titled Tuesday intern op 16th May Late"]
[Site "Chess.com INT"]
[Date "2023.05.16"]
[Round "4"]
[White "James, Stuart"]
[Black "Womacka, Mathias"]
[Result "0-1"]
[WhiteElo "1928"]
[BlackElo "2396"]
[PlyCount "43"]
[EventDate "2023.05.16"]
[EventType "swiss (blitz)"]
[EventRounds "11"]
[EventCountry "USA"]
[SourceTitle "CBM 214 Extra"]
[Source "ChessBase"]
[SourceDate "2023.07.31"]
[SourceVersion "1"]
[SourceVersionDate "2023.07.31"]
[SourceQuality "1"]

1. e4 c5 2. Nf3 d6 3. Bb5+ Nd7 4. 0-0 a6 5. Be2 Ngf6 6. d3 g6 7. a4 Bg7 8. Nbd2 0-0 9. c3 Rb8 10. d4 cxd4 11. cxd4 b6 12. b3 Bb7 13. Bd3 e5 14. Bb2 Re8 15. Qe2 exd4 16. Nxd4 Nc5 17. Rfe1 Nfxe4 18. Nxe4 Bxe4 19. Bxe4 Rxe4 20. Qc4 d5 21. Qb4 Nd3 22. Nc6 0-1

[Event "Titled Tuesday intern op 16th May Late"]
[Site "Chess.com INT"]
[Date "2023.05.16"]
[Round "2"]
[White "Reprintsev, Alexander"]
[Black "James, Stuart"]
[Result "1/2-1/2"]
[WhiteElo "2253"]
[BlackElo "1928"]
[PlyCount "64"]
[EventDate "2023.05.16"]
[EventType "swiss (blitz)"]
[EventRounds "11"]
[EventCountry "USA"]
[SourceTitle "CBM 214 Extra"]
[Source "ChessBase"]
[SourceDate "2023.07.31"]
[SourceVersion "1"]
[SourceVersionDate "2023.07.31"]
[SourceQuality "1"]

1. e4 e5 2. Nf3 Nc6 3. Bc4 Bc5 4. b4 Bxb4 5. c3 Be7 6. d4 Na5 7. Be2 d6 8. 0-0 Nf6 9. Qa4+ c6 10. dxe5 dxe5 11. Nxe5 b5 12. Qc2 Qc7 13. Bf4 Bd6 14. Nxf7 Kxf7 15. Bxd6 Qxd6 16. a4 Nc4 17. axb5 cxb5 18. Rd1 Qe6 19. Na3 Nxa3 20. Rxa3 Bb7 21. f3 Rhd8 22. Rxd8 Rxd8 23. Qa2 a6 24. c4 b4 25. Ra4 Qb6+ 26. c5+ Qe6 27. Qxe6+ Kxe6 28. Rxb4 Bc8 29. Rb6+ Ke7 30. Bxa6 Bxa6 31. Rxa6 Rc8 32. c6 Kd6 1/2-1/2

[Event "Titled Tuesday intern op 09th May Late"]
[Site "Chess.com INT"]
[Date "2023.05.09"]
[Round "11"]
[White "James, Stuart"]
[Black "Chemin, Justo Reinaldo"]
[Result "0-1"]
[WhiteElo "1928"]
[BlackElo "2040"]
[PlyCount "78"]
[EventDate "2023.05.09"]
[EventType "swiss (blitz)"]
[EventRounds "11"]
[EventCountry "USA"]
[SourceTitle "CBM 214 Extra"]
[Source "ChessBase"]
[SourceDate "2023.07.31"]
[SourceVersion "1"]
[SourceVersionDate "2023.07.31"]
[SourceQuality "1"]

1. e4 e6 2. d4 d5 3. Nd2 Nf6 4. e5 Nfd7 5. Bd3 c5 6. c3 Nc6 7. Ne2 cxd4 8. cxd4 f6 9. f4 fxe5 10. fxe5 Nxd4 11. Nxd4 Qh4+ 12. g3 Qxd4 13. Nf3 Bb4+ 14. Kf1 Qb6 15. Kg2 Be7 16. Rf1 0-0 17. Qc2 h6 18. Bh7+ Kh8 19. Bd3 Qc6 20. Qe2 d4 21. Be4 Qb6 22. Bf4 Nc5 23. Bb1 Bd7 24. Nh4 Bc6+ 25. Kh3 Bxh4 26. gxh4 d3 27. Bxd3 Nxd3 28. Qxd3 Rf5 29. Be3 Qxb2 30. Rxf5 Qxa1 31. Rh5 Rf8 32. Bxh6 Rf3+ 33. Qxf3 Bxf3 34. Bg5+ Kg8 35. Rh8+ Kxh8 36. Kg3 Bd5 37. Kf4 Qf1+ 38. Kg4 Qf5+ 39. Kg3 Qf3# 0-1

[Event "Titled Tuesday intern op 02nd May Early"]
[Site "Chess.com INT"]
[Date "2023.05.02"]
[Round "1"]
[White "Erzhanov, Arman"]
[Black "James, Stuart"]
[Result "1-0"]
[WhiteElo "2228"]
[BlackElo "1928"]
[PlyCount "79"]
[EventDate "2023.05.02"]
[EventType "swiss (blitz)"]
[EventRounds "11"]
[EventCountry "USA"]
[SourceTitle "EXT 2024"]
[Source "ChessBase"]
[SourceDate "2023.10.10"]
[SourceVersion "1"]
[SourceVersionDate "2023.10.10"]
[SourceQuality "1"]

1. e4 c5 2. Nf3 e6 3. b3 Nc6 4. Bb5 d5 5. Bxc6+ bxc6 6. e5 Ne7 7. d3 Nf5 8. 0-0 Be7 9. Re1 0-0 10. c4 d4 11. Nbd2 f6 12. Ne4 Kh8 13. a4 Rb8 14. Rb1 Qe8 15. Ba3 Rb4 16. Bxb4 cxb4 17. c5 Qh5 18. Rc1 Ba6 19. Nd6 fxe5 20. Rxe5 Bf6 21. Rxe6 Qg4 22. Nxf5 Qxf5 23. Re4 Bg5 24. Rc2 Bh6 25. Qe2 Qd5 26. Re8 g6 27. Rxf8+ Bxf8 28. Qe8 Kg8 29. Re2 Bxd3 30. Qe6+ Qxe6 31. Rxe6 Bc2 32. Nxd4 Bd1 33. Rxc6 Bg7 34. Rd6 Bxd4 35. Rxd4 Bxb3 36. Rxb4 Bd5 37. Rd4 Bc6 38. Rd6 Bxa4 39. c6 Bb5 40. c7 1-0

[Event "Titled Tuesday intern op 02nd May Late"]
[Site "Chess.com INT"]
[Date "2023.05.02"]
[Round "8"]
[White "James, Stuart"]
[Black "Todorovic, Bojan"]
[Result "0-1"]
[WhiteElo "1928"]
[BlackElo "2195"]
[PlyCount "80"]
[EventDate "2023.05.02"]
[EventType "swiss (blitz)"]
[EventRounds "11"]
[EventCountry "USA"]
[SourceTitle "EXT 2024"]
[Source "ChessBase"]
[SourceDate "2023.10.10"]
[SourceVersion "1"]
[SourceVersionDate "2023.10.10"]
[SourceQuality "1"]

1. e4 g6 2. d4 Bg7 3. Nf3 d6 4. Be2 a6 5. 0-0 Nd7 6. Nc3 b5 7. Bg5 Bb7 8. a3 Ngf6 9. d5 0-0 10. Nd4 Ne5 11. f4 c5 12. fxe5 cxd4 13. exf6 exf6 14. Bd2 dxc3 15. Bxc3 Re8 16. Qd4 Re5 17. a4 Bxd5 18. exd5 Rxe2 19. axb5 axb5 20. Rxa8 Qxa8 21. Qd3 Qe8 22. Bxf6 Bxf6 23. Rxf6 Re1+ 24. Rf1 Rxf1+ 25. Kxf1 b4 26. Qd4 Qa4 27. Qc4 Qa1+ 28. Kf2 Qxb2 29. Qd3 Kg7 30. Ke3 Kf6 31. Qd4+ Qxd4+ 32. Kxd4 Kf5 33. g3 h5 34. h3 g5 35. Kc4 Ke5 36. g4 hxg4 37. hxg4 f5 38. gxf5 Kxf5 39. Kxb4 g4 40. Kc3 g3 0-1

[Event "Titled Tuesday intern op 02nd May Late"]
[Site "Chess.com INT"]
[Date "2023.05.02"]
[Round "5"]
[White "James, Stuart"]
[Black "Vifleemskaia, Svetlana"]
[Result "1-0"]
[WhiteElo "1928"]
[BlackElo "1971"]
[PlyCount "45"]
[EventDate "2023.05.02"]
[EventType "swiss (blitz)"]
[EventRounds "11"]
[EventCountry "USA"]
[SourceTitle "EXT 2024"]
[Source "ChessBase"]
[SourceDate "2023.10.10"]
[SourceVersion "1"]
[SourceVersionDate "2023.10.10"]
[SourceQuality "1"]

1. e4 e5 2. Nf3 Nc6 3. Bb5 a6 4. Ba4 Nf6 5. d3 d6 6. c4 g6 7. Nc3 Bg7 8. Nd5 h6 9. h3 0-0 10. Be3 Rb8 11. Qd2 Kh7 12. Bxc6 bxc6 13. Nb4 Qd7 14. Rb1 c5 15. Nd5 Nxd5 16. cxd5 Qa4 17. a3 Rxb2 18. Rxb2 Qxa3 19. 0-0 f5 20. Qc2 Bd7 21. Ra2 Qb4 22. Rb1 Ba4 23. Rxa4 1-0

[Event "Titled Tuesday intern op 02nd May Early"]
[Site "Chess.com INT"]
[Date "2023.05.02"]
[Round "10"]
[White "Marcziter, Dmitrii"]
[Black "James, Stuart"]
[Result "1-0"]
[WhiteElo "2234"]
[BlackElo "1928"]
[PlyCount "49"]
[EventDate "2023.05.02"]
[EventType "swiss (blitz)"]
[EventRounds "11"]
[EventCountry "USA"]
[SourceTitle "EXT 2024"]
[Source "ChessBase"]
[SourceDate "2023.10.10"]
[SourceVersion "1"]
[SourceVersionDate "2023.10.10"]
[SourceQuality "1"]

1. e4 c5 2. Nc3 a6 3. a4 e6 4. f4 d5 5. Nf3 dxe4 6. Nxe4 Nf6 7. Qe2 Nc6 8. g3 Be7 9. Bg2 0-0 10. d3 Nd4 11. Nxd4 cxd4 12. 0-0 Nd5 13. g4 f5 14. Ng3 fxg4 15. Qxg4 e5 16. f5 Ne3 17. Bxe3 dxe3 18. Rae1 Bc5 19. Kh1 Qd4 20. Ne4 Ba7 21. Bh3 Qxb2 22. Rg1 Rf7 23. Nf6+ Kh8 24. Qh5 Rxf6 25. Qe8+ 1-0

[Event "JAM-ch"]
[Site "Kingston"]
[Date "2018.02.15"]
[Round "10"]
[White "Smith, Shreyas"]
[Black "James, Stuart"]
[Result "1/2-1/2"]
[WhiteElo "2199"]
[BlackElo "1991"]
[PlyCount "121"]
[EventDate "2018.02.02"]
[EventType "tourn"]
[EventRounds "11"]
[EventCountry "JAM"]
[SourceTitle "CBM 183 Extra"]
[Source "ChessBase"]
[SourceDate "2018.04.19"]
[SourceVersion "1"]
[SourceVersionDate "2018.04.19"]
[SourceQuality "1"]

1. e4 e5 2. Nf3 Nc6 3. Bb5 a6 4. Ba4 Nf6 5. d3 b5 6. Bb3 Bc5 7. c3 d6 8. 0-0 0-0 9. Bg5 h6 10. Bh4 g5 11. Bg3 Bg4 12. Nbd2 Nh5 13. Bd5 Nxg3 14. hxg3 Qd7 15. a4 Rad8 16. axb5 axb5 17. Bxc6 Qxc6 18. Nxe5 dxe5 19. Qxg4 Rxd3 20. Nf3 f6 21. Rfd1 Rfd8 22. Rxd3 Rxd3 23. Qc8+ Bf8 24. Ra8 Rd1+ 25. Kh2 Qd6 26. Ra6 Qe7 27. Qf5 Rd6 28. Ra8 Rd8 29. Rxd8 Qxd8 30. Qe6+ Kg7 31. Qc6 b4 32. c4 Qd6 33. Qd5 Qxd5 34. cxd5 h5 35. Kg1 Kg6 36. Kf1 Bd6 37. Ke2 f5 38. Kd3 Kf6 39. Nd2 f4 40. Kc4 g4 41. Kd3 Kg5 42. Ke2 Bc5 43. gxf4+ exf4 44. Nc4 h4 45. e5 h3 46. gxh3 gxh3 47. Kf3 h2 48. Kg2 Bxf2 49. Kxh2 f3 50. b3 Kf5 51. e6 Bh4 52. Kh3 Bg5 53. Kg3 Ke4 54. d6 cxd6 55. Nxd6+ Kd5 56. Nf7 Bf6 57. Kxf3 Kxe6 58. Nh6 Kd5 59. Nf5 Ke5 60. Ne3 Kd4 61. Nc2+ 1/2-1/2

[Event "JAM-ch"]
[Site "Kingston"]
[Date "2018.02.10"]
[Round "7"]
[White "James, Stuart"]
[Black "Rowe, Duane"]
[Result "0-1"]
[WhiteElo "1991"]
[BlackElo "2115"]
[PlyCount "76"]
[EventDate "2018.02.02"]
[EventType "tourn"]
[EventRounds "11"]
[EventCountry "JAM"]
[SourceTitle "CBM 183 Extra"]
[Source "ChessBase"]
[SourceDate "2018.04.19"]
[SourceVersion "1"]
[SourceVersionDate "2018.04.19"]
[SourceQuality "1"]

1. d4 Nf6 2. c4 c5 3. d5 e6 4. Nc3 exd5 5. cxd5 d6 6. Nf3 g6 7. h3 Bg7 8. Bf4 a6 9. a4 0-0 10. e3 Ne8 11. Be2 Nd7 12. 0-0 Qe7 13. Nd2 Ne5 14. Nc4 Nxc4 15. Bxc4 g5 16. Bh2 f5 17. a5 Kh8 18. Qc2 Rb8 19. Ra3 f4 20. Qe4 Be5 21. exf4 gxf4 22. Re1 Qg5 23. Qf3 b5 24. axb6 Rxb6 25. Rb3 Rxb3 26. Bxb3 Nf6 27. Bc2 Rg8 28. Ne4 Nxe4 29. Bxe4 Rg7 30. b3 h5 31. Bd3 Bg4 32. hxg4 hxg4 33. Qe4 g3 34. Bxg3 fxg3 35. f4 Qh6 36. fxe5 Rf7 37. Qf5 Rxf5 38. Bxf5 Qh2+ 0-1

[Event "JAM-ch"]
[Site "Kingston"]
[Date "2018.02.07"]
[Round "5"]
[White "James, Stuart"]
[Black "Lorne, Ras Malaku"]
[Result "1/2-1/2"]
[WhiteElo "1991"]
[BlackElo "2176"]
[PlyCount "35"]
[EventDate "2018.02.02"]
[EventType "tourn"]
[EventRounds "11"]
[EventCountry "JAM"]
[SourceTitle "CBM 183 Extra"]
[Source "ChessBase"]
[SourceDate "2018.04.19"]
[SourceVersion "1"]
[SourceVersionDate "2018.04.19"]
[SourceQuality "1"]

1. e4 e5 2. Nf3 Nc6 3. Bb5 a6 4. Ba4 Nf6 5. 0-0 Be7 6. Bxc6 dxc6 7. d3 Bd6 8. Nbd2 Bg4 9. Nc4 Qe7 10. Ne3 Be6 11. Ng5 0-0-0 12. Nxe6 Qxe6 13. Qf3 g6 14. Nc4 Be7 15. Qg3 Bd6 16. Qf3 Be7 17. Qg3 Bd6 18. Qf3 1/2-1/2

[Event "JAM-ch"]
[Site "Kingston"]
[Date "2018.02.03"]
[Round "2"]
[White "Glaves, Raheem"]
[Black "James, Stuart"]
[Result "1/2-1/2"]
[WhiteElo "1969"]
[BlackElo "1991"]
[PlyCount "60"]
[EventDate "2018.02.02"]
[EventType "tourn"]
[EventRounds "11"]
[EventCountry "JAM"]
[SourceTitle "CBM 183 Extra"]
[Source "ChessBase"]
[SourceDate "2018.04.19"]
[SourceVersion "1"]
[SourceVersionDate "2018.04.19"]
[SourceQuality "1"]

1. d4 Nf6 2. c4 e6 3. Nc3 Bb4 4. e3 0-0 5. Nge2 Re8 6. a3 Bf8 7. Ng3 d6 8. Be2 e5 9. 0-0 Nc6 10. d5 Ne7 11. e4 Ng6 12. Be3 Nf4 13. Qd2 Nxe2+ 14. Qxe2 Ng4 15. h3 Nxe3 16. Qxe3 g6 17. Qf3 Qg5 18. b4 a5 19. Nb5 Qd8 20. Rfd1 Bd7 21. Nc3 Qg5 22. Rdb1 b6 23. Nce2 f5 24. Nc1 Qf4 25. Qe2 fxe4 26. Nxe4 Bg7 27. Nd3 Qh4 28. f3 Bf5 29. Ndf2 Qe7 30. Qe3 Qf8 1/2-1/2

[Event "Kingston Chan Memorial op"]
[Site "Kingston"]
[Date "2017.09.24"]
[Round "6"]
[White "Christie, Joshua"]
[Black "James, Stuart"]
[Result "1/2-1/2"]
[WhiteElo "1982"]
[BlackElo "1998"]
[PlyCount "143"]
[EventDate "2017.09.21"]
[EventType "swiss"]
[EventRounds "6"]
[EventCountry "JAM"]
[SourceTitle "EXT 2020"]
[Source "ChessBase"]
[SourceDate "2019.10.17"]
[SourceVersion "1"]
[SourceVersionDate "2019.10.17"]
[SourceQuality "1"]

1. d4 Nf6 2. c4 e6 3. Nc3 Bb4 4. Nf3 0-0 5. e3 c5 6. Bd3 d6 7. 0-0 Nc6 8. Bd2 e5 9. d5 Ne7 10. e4 Ng6 11. Ne2 Bg4 12. Ne1 Bxd2 13. Qxd2 Nh5 14. f3 Bd7 15. Bc2 Nhf4 16. Nd3 Qg5 17. Nexf4 exf4 18. Rae1 f6 19. b4 b6 20. a3 Rfe8 21. bxc5 bxc5 22. Kh1 Ne5 23. Nxe5 fxe5 24. Qa5 Qd8 25. Qxd8 Rexd8 26. Rb1 Rab8 27. Rxb8 Rxb8 28. Rb1 Rxb1+ 29. Bxb1 Kf8 30. Kg1 Ke8 31. Kf2 Kd8 32. Ke2 Kc7 33. Kd2 Kb6 34. Kc3 Ka5 35. Bd3 g5 36. Be2 h5 37. h3 Ba4 38. Kb2 Kb6 39. Kc3 Kc7 40. Kd2 Kd8 41. Ke1 Ke7 42. Kf2 Kf6 43. Bd3 Bd7 44. Be2 Bc8 45. Bd1 Bd7 46. Be2 Ba4 47. Ke1 Kg6 48. Bd1 Bd7 49. Kf2 Kf6 50. Be2 Ba4 51. Ke1 Bb3 52. Kf2 Bc2 53. Ke1 g4 54. h4 gxf3 55. gxf3 Ba4 56. Bd1 Bd7 57. Be2 Ke7 58. Bf1 Kd8 59. Kd2 Kc7 60. Kc3 Kb6 61. Kb2 Ka5 62. Ka2 Ka4 63. Kb2 Ka5 64. Ka2 Kb6 65. Kb3 Kc7 66. Kb2 Kd8 67. Kb3 Ke7 68. Kb2 Kf6 69. Kb3 Kg6 70. Kb2 Kf6 71. Kb3 Ke7 72. Kb2 1/2-1/2

[Event "Kingston Chan Memorial op"]
[Site "Kingston"]
[Date "2017.09.21"]
[Round "1"]
[White "James, Stuart"]
[Black "Richards, Shaheim"]
[Result "1-0"]
[WhiteElo "1998"]
[BlackElo "1573"]
[PlyCount "71"]
[EventDate "2017.09.21"]
[EventType "swiss"]
[EventRounds "6"]
[EventCountry "JAM"]
[SourceTitle "EXT 2020"]
[Source "ChessBase"]
[SourceDate "2019.10.17"]
[SourceVersion "1"]
[SourceVersionDate "2019.10.17"]
[SourceQuality "1"]

1. e4 e6 2. d4 d5 3. Nd2 dxe4 4. Nxe4 Nf6 5. Nxf6+ Qxf6 6. Nf3 Bd6 7. Bg5 Qf5 8. Bd3 Qg4 9. 0-0 Qh5 10. h3 Nd7 11. Re1 c6 12. Re4 f6 13. Rxe6+ Be7 14. Qe2 0-0 15. Rxe7 fxg5 16. Qe6+ Kh8 17. Rxd7 Bxd7 18. Qxd7 Rad8 19. Qg4 Qxg4 20. hxg4 h6 21. Ne5 Rf6 22. c3 Re8 23. b4 b6 24. Re1 Rd8 25. Be4 Rdd6 26. f3 c5 27. bxc5 bxc5 28. dxc5 Rd2 29. c6 Kg8 30. c7 Rf8 31. Bf5 Rc2 32. Bxc2 Rc8 33. Bg6 Rxc7 34. Nc6 Rc8 35. Ne7+ Kf8 36. Nxc8 1-0

[Event "JAM-ch 49th"]
[Site "Kingston"]
[Date "2017.01.15"]
[Round "4"]
[White "Christie, Joshua"]
[Black "James, Stuart"]
[Result "0-1"]
[WhiteElo "1934"]
[BlackElo "2004"]
[PlyCount "107"]
[EventDate "2017.01.07"]
[EventType "tourn"]
[EventRounds "11"]
[EventCountry "JAM"]
[SourceTitle "EXT 2020"]
[Source "ChessBase"]
[SourceDate "2019.10.17"]
[SourceVersion "1"]
[SourceVersionDate "2019.10.17"]
[SourceQuality "1"]

1. d4 Nf6 2. c4 e6 3. Nc3 Bb4 4. f3 c5 5. a3 Bxc3+ 6. bxc3 d6 7. e4 Nc6 8. Be3 b6 9. Bd3 0-0 10. Ne2 Ba6 11. Qa4 Na5 12. 0-0 Qd7 13. Qxd7 Nxd7 14. Rfd1 Bxc4 15. Bf4 Bxd3 16. Rxd3 Nc4 17. Bxd6 Nxd6 18. dxc5 Nxe4 19. Rxd7 Nxc5 20. Rd6 Rfd8 21. Rad1 Rxd6 22. Rxd6 Kf8 23. Kf2 Ke7 24. Rd1 Rc8 25. Ke3 Rc6 26. g3 e5 27. h3 f5 28. Rd5 Ke6 29. Rd8 Rd6 30. Rxd6+ Kxd6 31. f4 Ne6 32. fxe5+ Kxe5 33. h4 g6 34. Ng1 f4+ 35. gxf4+ Nxf4 36. Nf3+ Kf5 37. Nd4+ Kg4 38. Nc6 a5 39. Ne5+ Kg3 40. Nc4 Ng2+ 41. Ke2 Nf4+ 42. Ke3 Ng2+ 43. Ke2 Nf4+ 44. Ke3 Ng2+ 45. Ke2 Nxh4 46. Nxb6 Nf3 47. Nd5 h5 48. c4 h4 49. c5 h3 50. Ne3 Kf4 51. Nf1 Nd4+ 52. Kf2 Nc6 53. a4 Ke4 54. Kg3 0-1

[Event "JAM-ch"]
[Site "Kingston"]
[Date "2009.07.11"]
[Round "?"]
[White "James, Stuart"]
[Black "Davy, Damion"]
[Result "0-1"]
[WhiteElo "1951"]
[BlackElo "1988"]
[PlyCount "108"]
[EventDate "2009.07.03"]
[EventType "tourn"]
[EventRounds "11"]
[EventCountry "JAM"]
[SourceTitle "EXT 2023"]
[Source "ChessBase"]
[SourceDate "2022.10.05"]
[SourceVersion "1"]
[SourceVersionDate "2022.10.05"]
[SourceQuality "1"]

1. e4 c5 2. Nf3 Nc6 3. d4 cxd4 4. Nxd4 Nf6 5. Nc3 e5 6. Ndb5 d6 7. Bg5 a6 8. Na3 b5 9. Nd5 Be7 10. Bxf6 Bxf6 11. c4 0-0 12. cxb5 Nd4 13. b6 Bb7 14. Bc4 Rb8 15. 0-0 Bxd5 16. Bxd5 Rxb6 17. Nc4 Rb8 18. Rc1 Bg5 19. f4 Bf6 20. f5 g5 21. fxg6 hxg6 22. Qg4 Kg7 23. Rc3 Rh8 24. Ra3 Rh4 25. Qd1 a5 26. Rf2 Rb5 27. Qf1 Rf4 28. g3 Rxf2 29. Qxf2 Qc7 30. Rc3 Qd7 31. a4 Rb4 32. Nxa5 Qxa4 33. Ra3 Qd1+ 34. Kg2 Nc2 35. Bb3 Ne1+ 36. Kf1 Rxb3 37. Qxe1 Qf3+ 38. Kg1 Rxa3 39. bxa3 Bg5 40. Nc4 Qd3 41. h4 Qxc4 42. hxg5 Qc5+ 43. Qf2 Qxa3 44. Qf6+ Kg8 45. Qd8+ Kh7 46. Kg2 Qd3 47. Qe7 Qxe4+ 48. Kh2 Qd5 49. Qa7 Qe6 50. Qe3 d5 51. Qd2 e4 52. Qe3 Qe5 53. Kg2 d4 54. Qb3 Kg7 0-1

[Event "JAM-ch Junior"]
[Site "Kingston"]
[Date "2009.03.15"]
[Round "7.1"]
[White "Davy, Damion"]
[Black "James, Stuart"]
[Result "1-0"]
[WhiteElo "1939"]
[BlackElo "1970"]
[PlyCount "103"]
[EventDate "2009.03.07"]
[EventType "tourn"]
[EventRounds "7"]
[EventCountry "JAM"]
[SourceTitle "EXT 2024"]
[Source "ChessBase"]
[SourceDate "2023.10.10"]
[SourceVersion "1"]
[SourceVersionDate "2023.10.10"]
[SourceQuality "1"]

1. e4 c5 2. Nf3 d6 3. d4 cxd4 4. Nxd4 Nf6 5. Nc3 a6 6. Bg5 e6 7. f4 Nc6 8. e5 h6 9. Bh4 g5 10. fxg5 Nd5 11. Nxd5 exd5 12. e6 Bxe6 13. Nxc6 bxc6 14. Qd4 Rg8 15. gxh6 c5 16. Bxd8 cxd4 17. h7 Rh8 18. Bf6 Rxh7 19. Bxd4 Rh4 20. c3 Bh6 21. Bd3 Bf4 22. h3 Be5 23. Bf2 Rh5 24. 0-0-0 f5 25. g4 fxg4 26. Bg6+ Bf7 27. Bxh5 Bxh5 28. hxg4 Bxg4 29. Rxd5 Bf3 30. Rxe5+ dxe5 31. Rh8+ Kd7 32. Rxa8 Bxa8 33. Kd2 Kc6 34. Kd3 Kb5 35. Bg3 e4+ 36. Kd4 a5 37. Bf4 a4 38. b4 axb3 39. axb3 Bb7 40. Bd2 Ba8 41. c4+ Kb6 42. b4 Bb7 43. Be3 Ba8 44. b5 Kc7 45. c5 Bb7 46. Bf4+ Kd7 47. Kc4 Ba8 48. Kb4 Bd5 49. Ka5 Kc8 50. c6 Kd8 51. Kb6 Kc8 52. Kc5 1-0

[Event "JAM-ch Junior"]
[Site "Kingston"]
[Date "2009.03.14"]
[Round "5.1"]
[White "Pryce, Phillip"]
[Black "James, Stuart"]
[Result "0-1"]
[WhiteElo "1873"]
[BlackElo "1970"]
[PlyCount "104"]
[EventDate "2009.03.07"]
[EventType "tourn"]
[EventRounds "7"]
[EventCountry "JAM"]
[SourceTitle "EXT 2024"]
[Source "ChessBase"]
[SourceDate "2023.10.10"]
[SourceVersion "1"]
[SourceVersionDate "2023.10.10"]
[SourceQuality "1"]

1. d4 Nf6 2. c4 c5 3. d5 b5 4. cxb5 a6 5. bxa6 g6 6. Nc3 Bxa6 7. e4 Bxf1 8. Kxf1 d6 9. Nf3 Nbd7 10. h3 Bg7 11. Kg1 0-0 12. Kh2 Qa5 13. Re1 Rfb8 14. Re2 Ne8 15. Rc2 Nc7 16. Qe2 Na6 17. Bg5 Nb4 18. Rd2 Kf8 19. Qe3 Nb6 20. b3 Nxa2 21. Rdxa2 Qxc3 22. Rxa8 Rxa8 23. Rxa8+ Nxa8 24. Qxc3 Bxc3 25. Nd2 Nc7 26. Nc4 Nb5 27. Bd2 Bxd2 28. Nxd2 Nd4 29. Kg3 Ke8 30. Kg4 h6 31. f4 e6 32. dxe6 fxe6 33. h4 d5 34. h5 Kf7 35. exd5 exd5 36. Kh4 Ne2 37. hxg6+ Kxg6 38. Kg4 h5+ 39. Kf3 Nd4+ 40. Ke3 Kf5 41. Kd3 Nxb3 42. Nf1 Kxf4 43. Ne3 c4+ 44. Ke2 Ke4 45. g4 hxg4 46. Nxg4 d4 47. Nf2+ Kd5 48. Nd1 Kc5 49. Nb2 Kb4 50. Kd1 d3 51. Ke1 Kc3 52. Nd1+ Kd4 0-1

[Event "Kingston Futures"]
[Site "Kingston"]
[Date "2009.03.01"]
[Round "8.3"]
[White "Solomon, Mikhail"]
[Black "James, Stuart"]
[Result "1-0"]
[WhiteElo "2030"]
[BlackElo "1970"]
[PlyCount "47"]
[EventDate "2009.02.21"]
[EventType "tourn"]
[EventRounds "9"]
[EventCountry "JAM"]
[SourceTitle "EXT 2024"]
[Source "ChessBase"]
[SourceDate "2023.10.10"]
[SourceVersion "1"]
[SourceVersionDate "2023.10.10"]
[SourceQuality "1"]

1. d4 Nf6 2. c4 c5 3. d5 b5 4. cxb5 a6 5. e3 g6 6. Nc3 Bg7 7. Nf3 0-0 8. a4 Bb7 9. e4 e6 10. Be3 Qc8 11. Bc4 axb5 12. Bxb5 Na6 13. 0-0 Nb4 14. Bc4 exd5 15. exd5 d6 16. Qd2 Qg4 17. b3 Qh5 18. Rad1 Rfe8 19. h3 Ne4 20. Nxe4 Rxe4 21. Ng5 Rxe3 22. Qxe3 Bh6 23. f4 Bg7 24. Qe7 1-0